000 00603cam a22002171 4500
001 af 47006822
003 DLC
005 20260227110839.0
008 890112s1945 fr 000 0 fre c
010 _aaf 47006822
035 _a(OCoLC)19010285
040 _aChicago. Univ. Library
_cCU
_dDLC
042 _apremarc
050 0 0 _aPQ2643.E43
_bC5
082 _a841.91
100 1 _aVendel, Henri Joseph,
_d1892-
245 1 0 _aChants du couvre-feu;
_bpoèmes de la capitivité.
260 _aParis,
_bÉditions du Pavois
_c[1945]
300 _a181 p.
_c19 cm.
650 0 _aWorld War, 1939-1945
_vPoetry.
999 _c3699
_d3699